Um jeito próprio de cuidar: reflexoes e propostas para a Area de Saúde
Uloženo v:
| Hlavní autor: | |
|---|---|
| Médium: | Kniha |
| Jazyk: | portugalština |
| Vydáno: |
Curitiba
Editora Univesitaria Champagnat
2005
|
| Témata: | |
| Tagy: |
Přidat tag
Žádné tagy, Buďte první, kdo vytvoří štítek k tomuto záznamu!
|
MARC
| LEADER | 00000cam a2200000 a 4500 | ||
|---|---|---|---|
| 001 | UCG7874 | ||
| 003 | CL-VaPUC | ||
| 008 | 111014e20050000BL |||||||||||||||||por|d | ||
| 020 | |a 8572921311 | ||
| 082 | 0 | 4 | |a 613 |b JUL |2 21 |
| 100 | 0 | |a Juliatto, Clemente Ivo |e author |9 558352 | |
| 245 | 1 | 3 | |a Um jeito próprio de cuidar: reflexoes e propostas para a Area de Saúde |
| 300 | |a 80 p | ||
| 942 | |c BK | ||
| 945 | |d 20111014 00:00:00 |a dcastane | ||
| 260 | |a Curitiba |b Editora Univesitaria Champagnat |c 2005 | ||
| 650 | 0 | |a Salud |9 258663 | |
| 650 | 7 | |a CUIDADO DE ENFERMOS |2 CL-VaPUC |9 462979 | |
| 583 | |a last modification |c 20111014 14:55:00 |k Rodrigo Vera | ||
| 999 | |c 345563 |d 345561 | ||
| 952 | |0 0 |1 0 |4 0 |6 613_000000000000000_JUL_2005 |7 0 |8 A |9 444462 |a BIBEDU |b BIBEDU |d 2019-11-22 |i 479169K |o 613 JUL 2005 |p 479169K |r 2019-11-22 |w 2019-11-22 |y BK |k FIL | ||